000
00288nam a2200145Ia 4500
100
_a
Robin Sharma
650
_a
General
942
_c
BK
366
_f
20
245
_a
Who will cry when you die?
260
_b
Penquin books
_c
2003
300
_a
225
546
_a
ENGLISH
999
_c
20263
_d
20263